000 00600nam a2200181 i 4500
001 187818
003 SpMaBN
005 20260610142500.0
008 180309s1930 fr p |||| | fre d
100 1 _aValéry, Paul,
_d1871-1945
_9243197
245 1 0 _aLittérature /
_cPaul Valéry.
260 _a[Paris] :
_bLibrairie Gallimard,
_c1930.
300 _a128 p. ;
_c19 cm.
650 _aLiteratura-
_xFilosofía.
_914488
650 7 _aEstética literaria
_2embne
_912544
852 _aES-MaACL
_jL-31881
_z. - Donat. herederos de la bibl. de Mª del Pilar Costa Palacín
999 _c187818
_d187818